[Event "XX Open Internacional Sant Marti 2018"]
[Site "Barcelona"]
[Date "2018.07.13"]
[Round "1.1"]
[White "Gonzalez Saguillo, Oriol"]
[Black "Guseinov, Gadir"]
[Result "0-1"]
[BlackElo "2654"]
[WhiteElo "2090"]
[LiveChessVersion "1.4.8"]

1. d4 {[%clk 1:23:07]} Nf6 {[%clk 1:30:39]} 2. Nc3 {[%clk 1:23:17]} g6
{[%clk 1:29:00]} 3. e4 {[%clk 1:23:43]} d6 {[%clk 1:29:26]} 4. Bg5
{[%clk 1:22:13]} Bg7 {[%clk 1:29:45]} 5. Qd2 {[%clk 1:21:55]} Nbd7
{[%clk 1:26:20]} 6. Bh6 {[%clk 1:18:32]} Bxh6 {[%clk 1:25:03]} 7. Qxh6
{[%clk 1:18:57]} c5 {[%clk 1:25:23]} 8. Nf3 {[%clk 1:13:51]} cxd4
{[%clk 1:18:01]} 9. Nxd4 {[%clk 1:14:05]} Nc5 {[%clk 1:15:30]} 10. f3
{[%clk 1:12:55]} Bd7 {[%clk 1:15:30]} 11. Bc4 {[%clk 1:12:08]} a6
{[%clk 1:14:17]} 12. O-O-O {[%clk 1:06:56]} b5 {[%clk 1:07:46]} 13. Qg7
{[%clk 1:05:47]} Rf8 {[%clk 1:07:57]} 14. Bb3 {[%clk 1:03:15]} Rc8
{[%clk 0:54:59]} 15. h4 {[%clk 1:00:18]} e6 {[%clk 0:48:00]} 16. Rhe1
{[%clk 0:48:04]} Nh5 {[%clk 0:36:34]} 17. Qxh7 {[%clk 0:45:00]} Qxh4
{[%clk 0:35:40]} 18. Kb1 {[%clk 0:44:36]} Qf6 {[%clk 0:33:40]} 19. Qh6
{[%clk 0:43:22]} Qf4 {[%clk 0:33:57]} 20. Qh7 {[%clk 0:39:51]} Nf6
{[%clk 0:19:21]} 21. Qh1 {[%clk 0:38:24]} Ke7 {[%clk 0:19:12]} 22. Qg1
{[%clk 0:28:04]} Rh8 {[%clk 0:18:18]} 23. Nd5+ {[%clk 0:26:28]} exd5
{[%clk 0:16:45]} 24. exd5+ {[%clk 0:26:49]} Kf8 {[%clk 0:17:10]} 25. Ne6+
{[%clk 0:27:13]} fxe6 {[%clk 0:17:18]} 26. dxe6 {[%clk 0:27:35]} Be8
{[%clk 0:17:36]} 27. g3 {[%clk 0:26:53]} Qf5 {[%clk 0:15:54]} 28. Qd4
{[%clk 0:25:26]} Nxb3 {[%clk 0:15:51]} 29. Qxd6+ {[%clk 0:25:50]} Kg8
{[%clk 0:13:37]} 30. axb3 {[%clk 0:25:39]} Qxc2+ {[%clk 0:13:41]} 31. Ka2
{[%clk 0:26:03]} Qc7 {[%clk 0:12:03]} 32. Qd4 {[%clk 0:25:30]} Qe7
{[%clk 0:12:29]} 0-1

[Event "XX Open Internacional Sant Marti 2018"]
[Site "Barcelona"]
[Date "2018.07.13"]
[Round "1.2"]
[White "Martinez Alcantara, Jose Eduardo"]
[Black "Minko, Dmitry"]
[Result "1-0"]
[BlackElo "2085"]
[WhiteElo "2545"]
[LiveChessVersion "1.4.8"]

1. e4 {[%clk 1:30:58]} e5 {[%clk 1:30:54]} 2. Nf3 {[%clk 1:31:23]} Nc6
{[%clk 1:31:18]} 3. Bb5 {[%clk 1:31:48]} f5 {[%clk 1:31:41]} 4. Nc3
{[%clk 1:32:11]} fxe4 {[%clk 1:32:01]} 5. Nxe4 {[%clk 1:32:33]} Nf6
{[%clk 1:32:18]} 6. Nxf6+ {[%clk 1:32:39]} Qxf6 {[%clk 1:32:35]} 7. Qe2
{[%clk 1:33:02]} Be7 {[%clk 1:32:39]} 8. Bxc6 {[%clk 1:31:43]} dxc6
{[%clk 1:32:55]} 9. Nxe5 {[%clk 1:30:54]} Bf5 {[%clk 1:32:45]} 10. d3
{[%clk 1:25:31]} O-O {[%clk 1:31:43]} 11. Bd2 {[%clk 1:23:04]} Bd6
{[%clk 1:28:46]} 12. Bc3 {[%clk 1:22:25]} Rae8 {[%clk 1:25:47]} 13. d4
{[%clk 1:13:26]} Qg5 {[%clk 1:06:28]} 14. O-O {[%clk 1:10:09]} Bxe5
{[%clk 1:04:00]} 15. dxe5 {[%clk 1:10:34]} Qg6 {[%clk 1:03:43]} 16. Rac1
{[%clk 1:10:15]} b6 {[%clk 1:01:45]} 17. f4 {[%clk 1:08:15]} h5 {[%clk 0:56:09]}
18. Be1 {[%clk 1:01:58]} Rd8 {[%clk 0:47:07]} 19. Bh4 {[%clk 1:00:43]} Rd5
{[%clk 0:45:51]} 20. Bg5 {[%clk 1:00:23]} Rf7 {[%clk 0:35:37]} 21. h3
{[%clk 0:55:16]} Rfd7 {[%clk 0:32:41]} 22. Rf2 {[%clk 0:54:30]} Be4
{[%clk 0:21:04]} 23. Re1 {[%clk 0:53:06]} Rd4 {[%clk 0:20:48]} 24. e6
{[%clk 0:51:07]} Qxe6 {[%clk 0:19:08]} 25. c3 {[%clk 0:51:11]} 1-0

[Event "XX Open Internacional Sant Marti 2018"]
[Site "Barcelona"]
[Date "2018.07.13"]
[Round "1.5"]
[White "Kumar, Gaurav"]
[Black "Alonso Rosell, Alvar"]
[Result "0-1"]
[BlackElo "2523"]
[WhiteElo "2074"]
[LiveChessVersion "1.4.8"]

1. e4 {[%clk 1:30:57]} c6 {[%clk 1:30:58]} 2. d4 {[%clk 1:31:19]} d5
{[%clk 1:31:26]} 3. e5 {[%clk 1:30:53]} Bf5 {[%clk 1:31:48]} 4. h4
{[%clk 1:31:18]} h6 {[%clk 1:22:24]} 5. g4 {[%clk 1:31:19]} Bd7 {[%clk 1:22:51]}
6. Bd3 {[%clk 1:26:14]} c5 {[%clk 1:12:54]} 7. dxc5 {[%clk 1:24:52]} Qc7
{[%clk 0:43:12]} 8. Nc3 {[%clk 1:20:01]} e6 {[%clk 0:28:20]} 9. Qe2
{[%clk 1:14:19]} Bxc5 {[%clk 0:27:36]} 10. Nf3 {[%clk 1:13:24]} Nc6
{[%clk 0:20:36]} 11. Nb5 {[%clk 1:10:27]} Qb6 {[%clk 0:19:22]} 12. c3
{[%clk 1:08:02]} a6 {[%clk 0:16:32]} 13. Nd6+ {[%clk 1:08:11]} Bxd6
{[%clk 0:16:34]} 14. exd6 {[%clk 1:08:37]} Nf6 {[%clk 0:15:18]} 15. Rg1
{[%clk 1:03:38]} Qc5 {[%clk 0:12:59]} 16. Bf4 {[%clk 0:47:18]} O-O-O
{[%clk 0:09:52]} 17. Ne5 {[%clk 0:43:59]} Nxe5 {[%clk 0:02:28]} 18. Bxe5
{[%clk 0:44:11]} Ne8 {[%clk 0:02:03]} 19. b4 {[%clk 0:33:23]} Qb6
{[%clk 0:02:17]} 20. a4 {[%clk 0:29:41]} f6 {[%clk 0:02:32]} 21. Bd4
{[%clk 0:29:45]} Qxd6 {[%clk 0:02:58]} 22. Qe3 {[%clk 0:30:08]} Nc7
{[%clk 0:01:31]} 23. f4 {[%clk 0:26:54]} e5 {[%clk 0:01:09]} 24. fxe5
{[%clk 0:26:25]} fxe5 {[%clk 0:01:38]} 25. Bxe5 {[%clk 0:26:34]} Rhe8
{[%clk 0:01:54]} 26. Bxd6 {[%clk 0:26:42]} Rxe3+ {[%clk 0:02:22]} 27. Kd2
{[%clk 0:27:03]} Rh3 {[%clk 0:02:38]} 28. Bg3 {[%clk 0:25:18]} Rf8
{[%clk 0:00:32]} 29. Bf1 {[%clk 0:24:22]} Rxg3 {[%clk 0:00:32]} 30. Rxg3
{[%clk 0:24:44]} Rf2+ {[%clk 0:00:32]} 31. Be2 {[%clk 0:21:50]} Ne6
{[%clk 0:00:48]} 32. Ke3 {[%clk 0:20:07]} Rf4 {[%clk 0:00:37]} 33. Rf1
{[%clk 0:18:02]} d4+ {[%clk 0:00:31]} 34. Kd2 {[%clk 0:18:02]} Re4
{[%clk 0:00:40]} 35. Bd3 {[%clk 0:17:43]} dxc3+ {[%clk 0:00:41]} 36. Kxc3
{[%clk 0:18:02]} Re5 {[%clk 0:01:09]} 37. a5 {[%clk 0:17:29]} Kd8
{[%clk 0:01:04]} 38. Bf5 {[%clk 0:15:14]} Bb5 {[%clk 0:00:56]} 39. Bxe6
{[%clk 0:14:42]} Bxf1 {[%clk 0:01:23]} 40. Bc4 {[%clk 0:09:40]} Bxc4
{[%clk 0:01:42]} 41. Kxc4 {[%clk 0:10:09]} Re4+ {[%clk 0:02:02]} 42. Kc5
{[%clk 0:08:24]} Kc7 {[%clk 0:01:08]} 43. h5 {[%clk 0:03:43]} Re5+
{[%clk 0:01:25]} 44. Kd4 {[%clk 0:04:12]} Rg5 {[%clk 0:01:24]} 45. Kc4
{[%clk 0:00:39]} g6 {[%clk 0:00:49]} 46. hxg6 {[%clk 0:00:53]} h5
{[%clk 0:01:06]} 47. Kd4 {[%clk 0:00:37]} hxg4 {[%clk 0:01:23]} 48. Ke4
{[%clk 0:00:58]} Rxg6 {[%clk 0:01:23]} 49. Kf5 {[%clk 0:01:14]} Rg8
{[%clk 0:01:33]} 50. Ke6 {[%clk 0:01:02]} Re8+ {[%clk 0:00:51]} 51. Kd5
{[%clk 0:01:18]} Rd8+ {[%clk 0:01:02]} 52. Ke5 {[%clk 0:01:42]} Rg8
{[%clk 0:01:25]} 53. Ke6 {[%clk 0:02:06]} Kc6 {[%clk 0:01:35]} 54. Kf7
{[%clk 0:02:34]} Rg5 {[%clk 0:02:01]} 55. Kf6 {[%clk 0:02:59]} Rg8
{[%clk 0:01:21]} 56. Kf7 {[%clk 0:03:25]} Rd8 {[%clk 0:00:39]} 57. Rxg4
{[%clk 0:03:44]} Kb5 {[%clk 0:01:06]} 58. Ke6 {[%clk 0:03:54]} Ka4
{[%clk 0:00:43]} 59. Ke5 {[%clk 0:03:01]} Rh8 {[%clk 0:00:43]} 60. Kd6
{[%clk 0:01:25]} Rh5 {[%clk 0:00:47]} 61. b5+ {[%clk 0:01:12]} Kxb5
{[%clk 0:00:36]} 62. Rg7 {[%clk 0:01:37]} Kxa5 {[%clk 0:00:32]} 63. Rxb7
{[%clk 0:02:05]} Ka4 {[%clk 0:00:35]} 64. Rc7 {[%clk 0:00:50]} a5
{[%clk 0:00:50]} 65. Rb7 {[%clk 0:00:47]} Ka3 {[%clk 0:01:08]} 66. Kc6
{[%clk 0:00:49]} a4 {[%clk 0:01:12]} 67. Ra7 {[%clk 0:01:09]} Kb3
{[%clk 0:01:15]} 68. Rb7+ {[%clk 0:01:24]} Ka2 {[%clk 0:01:38]} 69. Rg7
{[%clk 0:01:21]} Rh2 {[%clk 0:00:42]} 70. Kc5 {[%clk 0:01:11]} a3
{[%clk 0:00:55]} 71. Kc4 {[%clk 0:01:17]} Kb2 {[%clk 0:00:52]} 72. Rb7+
{[%clk 0:01:24]} Kc1 {[%clk 0:00:36]} 73. Ra7 {[%clk 0:00:52]} a2
{[%clk 0:00:58]} 74. Kc3 {[%clk 0:01:07]} Rc2+ {[%clk 0:00:47]} 75. Kb3
{[%clk 0:00:38]} Kb1 {[%clk 0:01:12]} 76. Ra6 {[%clk 0:00:58]} Rb2+
{[%clk 0:01:34]} 0-1

[Event "XX Open Internacional Sant Marti 2018"]
[Site "Barcelona"]
[Date "2018.07.13"]
[Round "1.8"]
[White "Oliva Castaneda, Kevel"]
[Black "Busquets, Luis"]
[Result "1-0"]
[BlackElo "2055"]
[WhiteElo "2491"]
[LiveChessVersion "1.4.8"]

1. d4 {[%clk 1:18:52]} Nf6 {[%clk 1:30:47]} 2. c4 {[%clk 1:19:18]} g6
{[%clk 1:31:01]} 3. Nc3 {[%clk 1:19:42]} Bg7 {[%clk 1:31:22]} 4. e4
{[%clk 1:20:10]} O-O {[%clk 1:31:08]} 5. Be3 {[%clk 1:14:48]} d6 {[%clk 1:24:52]}
6. Be2 {[%clk 1:14:29]} e5 {[%clk 1:15:06]} 7. d5 {[%clk 1:09:38]} Nbd7
{[%clk 1:12:37]} 8. g4 {[%clk 1:09:55]} Nc5 {[%clk 1:09:19]} 9. f3
{[%clk 1:10:19]} a5 {[%clk 1:08:37]} 10. h4 {[%clk 1:10:24]} Ne8 {[%clk 1:04:51]}
11. h5 {[%clk 1:08:37]} f5 {[%clk 1:02:18]} 12. hxg6 {[%clk 1:08:57]} hxg6
{[%clk 0:59:17]} 13. gxf5 {[%clk 1:02:48]} gxf5 {[%clk 0:59:12]} 14. Nh3
{[%clk 0:48:28]} f4 {[%clk 0:54:54]} 15. Bf2 {[%clk 0:47:09]} Bd7
{[%clk 0:45:12]} 16. Kd2 {[%clk 0:47:06]} Kf7 {[%clk 0:42:29]} 17. Qg1
{[%clk 0:45:29]} Bf6 {[%clk 0:42:20]} 18. Bxc5 {[%clk 0:38:29]} Rg8
{[%clk 0:34:40]} 19. Qh2 {[%clk 0:38:17]} dxc5 {[%clk 0:34:49]} 20. Nf2
{[%clk 0:34:38]} Ng7 {[%clk 0:31:38]} 21. Nd3 {[%clk 0:32:15]} b6
{[%clk 0:29:48]} 22. Rag1 {[%clk 0:32:37]} Be8 {[%clk 0:24:52]} 23. Qh7
{[%clk 0:31:39]} Kf8 {[%clk 0:24:16]} 24. Rh6 {[%clk 0:30:29]} Bf7
{[%clk 0:24:10]} 25. Bd1 {[%clk 0:26:19]} Bg5 {[%clk 0:19:46]} 26. Nxe5
{[%clk 0:23:07]} Bxh6 {[%clk 0:19:12]} 27. Qxh6 {[%clk 0:23:32]} Qe7
{[%clk 0:15:56]} 28. Qxf4 {[%clk 0:23:53]} 1-0

[Event "XX Open Internacional Sant Marti 2018"]
[Site "Barcelona"]
[Date "2018.07.13"]
[Round "1.9"]
[White "Brunet Gil, Pol"]
[Black "Cori Quispe, Kevin Joel"]
[Result "0-1"]
[BlackElo "2487"]
[WhiteElo "2052"]
[LiveChessVersion "1.4.8"]

1. e4 {[%clk 1:30:58]} c5 {[%clk 1:30:38]} 2. Nf3 {[%clk 1:31:25]} e6
{[%clk 1:31:01]} 3. d4 {[%clk 1:31:53]} cxd4 {[%clk 1:31:22]} 4. Nxd4
{[%clk 1:32:20]} Nc6 {[%clk 1:31:44]} 5. Nc3 {[%clk 1:32:47]} Qc7
{[%clk 1:32:08]} 6. f4 {[%clk 1:33:10]} a6 {[%clk 1:32:28]} 7. Nxc6
{[%clk 1:33:37]} bxc6 {[%clk 1:32:48]} 8. Bd3 {[%clk 1:34:00]} d5
{[%clk 1:33:09]} 9. O-O {[%clk 1:34:25]} Nf6 {[%clk 1:33:30]} 10. Qe2
{[%clk 1:34:48]} Be7 {[%clk 1:33:46]} 11. Bd2 {[%clk 1:35:15]} Bb7
{[%clk 1:32:40]} 12. Kh1 {[%clk 1:35:02]} c5 {[%clk 1:32:49]} 13. b3
{[%clk 1:34:35]} O-O {[%clk 1:32:07]} 14. Rae1 {[%clk 1:34:04]} c4
{[%clk 1:27:36]} 15. bxc4 {[%clk 1:32:43]} d4 {[%clk 1:27:56]} 16. Nd1
{[%clk 1:28:53]} e5 {[%clk 1:28:17]} 17. f5 {[%clk 1:25:04]} a5 {[%clk 1:27:11]}
18. g4 {[%clk 1:17:24]} h6 {[%clk 1:26:13]} 19. Rg1 {[%clk 1:10:27]} Nh7
{[%clk 1:26:02]} 20. Nf2 {[%clk 1:00:33]} Rfc8 {[%clk 1:21:49]} 21. Rc1
{[%clk 0:59:07]} Rab8 {[%clk 1:20:18]} 22. Nh3 {[%clk 0:55:37]} Qd8
{[%clk 1:20:12]} 23. Qg2 {[%clk 0:53:13]} f6 {[%clk 1:12:58]} 24. Nf2
{[%clk 0:51:09]} Ba6 {[%clk 1:12:54]} 25. c5 {[%clk 0:50:02]} Bb5
{[%clk 1:12:57]} 26. h4 {[%clk 0:46:49]} Rxc5 {[%clk 1:12:48]} 27. Bxb5
{[%clk 0:46:42]} Rbxb5 {[%clk 1:12:48]} 28. Nd3 {[%clk 0:46:31]} Rc4
{[%clk 1:11:53]} 29. Be1 {[%clk 0:28:53]} Rb8 {[%clk 1:10:51]} 30. Bg3
{[%clk 0:27:22]} Rbc8 {[%clk 1:10:35]} 31. Ne1 {[%clk 0:25:14]} Ba3
{[%clk 1:10:41]} 32. Rb1 {[%clk 0:24:51]} Bb4 {[%clk 1:11:04]} 33. Rb2
{[%clk 0:24:23]} Qc7 {[%clk 1:11:13]} 34. Kh2 {[%clk 0:22:23]} Bc3
{[%clk 1:10:35]} 35. Rb1 {[%clk 0:22:15]} Bxe1 {[%clk 1:10:01]} 36. Rgxe1
{[%clk 0:22:22]} Rxc2 {[%clk 1:10:16]} 37. Re2 {[%clk 0:22:46]} d3
{[%clk 1:09:06]} 38. Rd2 {[%clk 0:22:30]} Qc4 {[%clk 1:09:16]} 39. Rbd1
{[%clk 0:21:54]} Qxa2 {[%clk 1:09:21]} 0-1